00522nam a22001697a 450000500170000001000150001702000260003203500140005803700090007208200080008124501290008925000060021826000400022427000610026430000240032570000030034920250704161221.0 aENG-145641 c995.00a9789380607351 aEN-129173 bDBAD a881 aEpithalamiums:bAn Anthology of Marriage Poems From Chaucer to the Modern AgecEd. Masoodul Hasan and Syed Naqi Husain Jafri a1 aMukherjee NagarbPrimus Booksc2013 bDelhiaMukherjee Nagar Commercial Complex, Delhie110009 a280 p.c20.4 cm(Hb)